Statystyki dla Angielski vol 4

Kliknij tutaj aby rozwiązać quiz!

Ogólne statystyki

  • Ten quiz został rozwiązany 28 razy
  • Średni wynik to 10 z 125

Statystyki odpowiedzi

HINTOdpowiedź% Poprawnych
piekarzbaker
79%
architektarchitect
75%
prawniklawyer
58%
pielęgniarkanurse
50%
kasjercashier
46%
weterynarzvet
42%
dział teleinformatycznyIT
38%
dziennikarzjournalist
38%
inżynierengineer
33%
mechanikmechanic
33%
psychologpsychologist
33%
księgowyaccountant
29%
biznesmenbusinessman
29%
klientclient
25%
chirurgsurgeon
25%
hydraulikplumber
21%
kosmetyczkabeautician
17%
projektant modyfashion designer
17%
referencjereference
17%
kandydatcandidate
13%
aptekarzchemist
13%
elektrykelectrician
13%
praca wakacyjnaholiday job
13%
wynagrodzeniesalary
13%
dobrze płatna pracawell paid job
13%
zatrudniaćemploy
8%
pracownikemployee
8%
pracodawcaemployer
8%
doświadczonyexperienced
8%
dział finansówfinancial
8%
dyrektor do spraw finansowychfinancial director
8%
praca w pełnym wymiarze godzinfull time job
8%
grafikgraphic designer
8%
mieć pracehave a job
8%
optykoptician
8%
płatna pracapaid job
8%
umiejętnościskills
8%
ubiegać się o pracęapply for a job
4%
dyrektor naczelnyCEO
4%
konsekwentyconsistent
4%
oddanydevoted
4%
znaleźć zatrudnieniefind employment
4%
mieć dzień wolny od pracyhave a day off
4%
informatykIT specialist
4%
szukać pracylook for a job
4%
dyrektormanager
4%
dział marketingumarketing
4%
metodycznymethodical
4%
rentapension
4%
fizjoterapeutaphysiotherapist
4%
kwalifikacjequalifications
4%
wykwalifikowanyqualified
4%
zdobywać kwalifikacjequalify
4%
praca sezonowaseasonal work
4%
praca tymczasowatemporary job
4%
warunki zatrudnieniaterms of employment
4%
godny zaufaniatrustworthy
4%
kiepsko płatna pracabadly paid job
0%
urzędnik bankowybank clerk
0%
pracować w zespolebe a team player
0%
być dobrym w teoriibe good on paper
0%
być na zasiłkube on the dole
0%
nie mieć pracybe out of work
0%
mieć bardzo dużo pracybe snowed under
0%
być żywicielem rodzinybe the breadwinner
0%
być osobą odpowiedzialną za cośbe the person in charge of something
0%
praca fizycznablue collar job
0%
premiabonus money
0%
zmienić pracechange profession
0%
urzędnik państwowycivil servant
0%
wspinać się po szczeblach karieryclimb the career ladder
0%
zaangażowanycommited
0%
sumiennyconscientious
0%
pracownik budowlanyconstruction worker
0%
zastąpić kogoścover for somebody
0%
dział obsługi klientacustomer service
0%
praca bez perspektywdead end job
0%
praca biurowadesk job
0%
biuro pośrednictwa pracyemployment centre
0%
umowa o pracęemployment contract
0%
przedsiębiorcaentrepreneur
0%
praca wieczoramievening job
0%
praca dodatkowaextra job
0%
wypełnić formularz podaniafill in an application form
0%
zwolnićfire somebody
0%
stewardflight attendant
0%
wolny zawódfreelance work
0%
zdobywać doświadczeniegain experience
0%
dostawać zasiłek dla bezrobotnychget unemployment benefit
0%
bankrutowaćgo bankrupt
0%
iść na rozmowę kwalifikacyjnągo for an interview
0%
dobrze prosperowaćgood prospects
0%
wręczyć swoją rezygnacjęhand in one's resignation
0%
nie mieć doświadczenia zawodowegohave no work experience
0%
dużo obowiązkówheavy workload
0%
zajmować stanowiskohold a position of
0%
dział kadrhuman resources
0%
pracowityindustrious
0%
agent ubezpieczeniowyinsurance agent
0%
zakres obowiązkówjob description
0%
praca z perspektywamijob with a future
0%
rynek pracylabour market
0%
znaleźć nową pracęland a new job
0%
list motywacyjnyletter of application
0%
wiązać koniec z końcemmake ends meet
0%
urlop macierzyńskimaternity leave
0%
negocjowaćnegotiate
0%
praca od godz 9 do 17nite to five job
0%
napisać CVput together a CV
0%
zaradnyresourceful
0%
przekwalifikować się naretrain as
0%
dział sprzedażyySales
0%
dyrektor do spraw sprzedażysales manager
0%
sprzedawcasalesperson
0%
programistasoftware developer
0%
praca stałasteady job
0%
utrzymywać rodzinęsupport a family
0%
myśleć nieschematyczniethink outside the box
0%
szkolenietraining course
0%
kierowcatruck driver
0%
stopa bezrobociaunemployment rate
0%
wolny etatvacancy
0%
praca społecznavoluntary work
0%
hurtowniawarehouse
0%
praca biurowawhite collar job
0%

Rozkład punktacji

Percentyl według liczby udzielonych odpowiedzi

Procent ludzi z każdym wynikiem

Twoja historia wyników

Nie rozwiązałeś tego quizu